Banke stačí tucet, ale netuctových klientov
S Karlom Burešom aj o odolávaní neštandardným situáciám. Začiatky u nového zamestnávateľa. Budovanie značky na Slovensku. Finančná kríza. Budúcnosť na Slovensku.
Salvato in:
| Autore principale: | |
|---|---|
| Natura: | Capitolo di libro |
| Lingua: | slovacco |
| Soggetti: | |
| Tags: |
Nessun Tag, puoi essere il primo ad aggiungerne!!
|
MARC
| LEADER | 00000naa$a2200000$$$4500 | ||
|---|---|---|---|
| 001 | 0088259 | ||
| 005 | 20240502072004.8 | ||
| 041 | 0 | |a slo | |
| 044 | |a SK | ||
| 245 | 1 | 0 | |a Banke stačí tucet, ale netuctových klientov |c Pavel Škriniar |
| 520 | |a S Karlom Burešom aj o odolávaní neštandardným situáciám. Začiatky u nového zamestnávateľa. Budovanie značky na Slovensku. Finančná kríza. Budúcnosť na Slovensku. | ||
| 610 | 2 | 0 | |a banky |
| 610 | 2 | 0 | |a klienti |
| 610 | 2 | 0 | |a pobočky bankové |
| 610 | 2 | 0 | |a kríza finančná |
| 100 | 1 | |a Škriniar, Pavel, 1979- | |